Skład Legii Warszawa 2025/26 - Statystyki

Ogólne statystyki
  • Ten quiz został rozwiązany 137 razy
  • Średni wynik to 19 z 30
Statystyki odpowiedzi
Kraj Zawodnik % Poprawnych
Polska Kacper Tobiasz
97%
Kongo, Francja Steve Kapuadi
85%
Polska Artur Jędrzejczyk
84%
Kamerun Jean-Pierre Nsame
83%
Kolumbia Juergen Elitim
81%
Japonia Ryoya Morishita
81%
Portugalia Ruben Vinagre
80%
Serbia Radovan Pankov
79%
Polska Gabriel Kobylak
78%
Dania Mileta Rajović
78%
Polska Bartosz Kapustka
77%
Rumunia (Trener) Edward Iordănescu
73%
Szwajcaria Marco Burch
70%
Polska Paweł Wszołek
70%
Polska Wojciech Urbański
68%
Polska Rafał Augustyniak
67%
Hiszpania Marc Gual
65%
Słowenia Petar Stojanović
65%
Polska Jan Ziółkowski
61%
Francja Migouel Alfarela
59%
Białoruś Ilia Szkurin
58%
Polska Marcel Mendes-Dudziński
57%
Polska Kacper Chodyna
55%
Portugalia Claude Goncalves
52%
Polska Patryk Kun
49%
Polska Jakub Żewłakow
42%
Armenia Wahan Biczachczjan
31%
Polska Wojciech Banasik
31%
Polska Pascal Mozie
23%
Polska Maximilian Oyedele
17%
Nie znaleziono quizów pasujących do podanych kryteriów
Rozkład punktacji
Procent ludzi z każdym wynikiem
Percentyl według liczby udzielonych odpowiedzi
Twoja historia wyników
Nie rozwiązałeś tego quizu